[Event "SVK-ch U14"]
[Site "Stara Lubovna"]
[Date "2021.07.01"]
[Round "7"]
[White "Krupa, Andrej"]
[Black "Visvader, Kristof"]
[Result "0-1"]
[WhiteElo "1268"]
[BlackElo "1447"]
[PlyCount "102"]
[EventDate "2021.06.26"]
[EventType "swiss"]
[EventRounds "9"]
[EventCountry "SVK"]
[SourceTitle "CBM 203 Extra"]
[Source "ChessBase"]
[SourceDate "2021.09.30"]
[SourceVersion "1"]
[SourceVersionDate "2021.09.30"]
[SourceQuality "1"]

1. e4 d6 2. Nf3 Nf6 3. Nc3 g6 4. Bc4 Bg4 5. d3 Nbd7 6. h3 Bxf3 7. Qxf3 Ne5 8. Qe2 Nxc4 9. dxc4 Bg7 10. 0-0 0-0 11. Rd1 e5 12. c5 Qe7 13. cxd6 cxd6 14. Bg5 Qe6 15. Nb5 Ne8 16. Rd2 a6 17. Nc3 h6 18. Bh4 g5 19. Bg3 Nf6 20. Rad1 Rfd8 21. Nd5 Nxd5 22. Rxd5 f6 23. Qe3 Bf8 24. Qb6 Rd7 25. c4 Rc8 26. b3 Rc6 27. Qe3 Rc5 28. Qf3 Rxd5 29. Rxd5 Kg7 30. Qg4 Qxg4 31. hxg4 Kg6 32. f3 h5 33. gxh5+ Kxh5 34. Be1 g4 35. f4 Kg6 36. Bg3 Rh7 37. fxe5 dxe5 38. Rd8 Bc5+ 39. Bf2 Bxf2+ 40. Kxf2 f5 41. Rd6+ Kg5 42. Re6 fxe4 43. Rxe5+ Kf4 44. Rd5 g3+ 45. Ke2 Rh2 46. Rd7 Rxg2+ 47. Kf1 Rf2+ 48. Kg1 e3 49. Rxb7 e2 50. Rf7+ Ke3 51. Re7+ Kd2 0-1